000 00619cam a2200205 4500500
005 20260405003231.0
041 _afre
042 _adc
100 1 0 _aPortevin, Catherine
_eauthor
245 0 0 _aPendant que j’y pense/Mars 2021
260 _c2021.
500 _a84
690 _aArgumentation
690 _aCatherine Portevin
690 _aDécision
690 _aLuc de Brabandere
690 _aRhétorique
786 0 _nPhilosophie magazine | 147 | 3 | 2021-03-01 | p. 61-62 | 1951-1787
856 4 1 _uhttps://shs.cairn.info/magazine-philosophie-magazine-2021-3-page-61?lang=fr&redirect-ssocas=7080
999 _c2065595
_d2065595